Music Quiz

Random Music Quiz
Score 0/26 Timer 08:00
0 Plays Today
Artist Song % Correct
The BeatlesYesterday
73.5%
Ben E. KingStand By Me
61.8%
Simon & GarfunkelMrs. Robinson
58.8%
Righteous BrothersYou've Lost That Lovin' Feelin'
55.9%
The PoliceEvery Breath You Take
55.9%
Otis ReddingDock of the Bay
52.9%
Elton JohnYour Song
41.2%
Roy OrbisonOh Pretty Woman
35.3%
Bette MidlerWind Beneath My Wings
35.3%
Ray CharlesGeorgia on My Mind
32.4%
Marvin GayeI Heard It Through the Grapevine
20.6%
The Everly BrothersAll I Have to do is Dream
14.7%
The BeatlesMichelle
11.8%
Artist Song % Correct
The Fifth DimensionUp, Up, and Away
11.8%
The DriftersSave the Last Dance For Me
11.8%
Frank SinatraStrangers in the Night
11.8%
The Association Never My Love
8.8%
James TaylorHow Sweet it Is
8.8%
The DriftersOn Broadway
8.8%
Neil SedakaBreaking Up is Hard to Do
8.8%
Johnny RiversBaby, I Need Your Loving
5.9%
Ray CharlesI Can't Stop Loving You
5.9%
Rita CoolidgeHigher & Higher
5.9%
The Chi-lightsOh Girl
5.9%
The PlattersOnly You
5.9%
The PlattersTwilight Time
5.9%
Remove Ads.
Support Sporcle.
Get the best of Sporcle when you Go Orange. This ad-free experience offers more features, more stats, and more fun while also helping to support Sporcle. Thank you for becoming a member.

You're not logged in!

Compare scores with friends on all Sporcle quizzes.
OR
Log In

Show Comments

Extras

Created Nov 22, 2010SourceReportNominate
Tags:radio

Top Quizzes Today


Score Distribution

Your Account Isn't Verified!

In order to create a playlist on Sporcle, you need to verify the email address you used during registration. Go to your Sporcle Settings to finish the process.

Report this User

Report this user for behavior that violates our Community Guidelines.

Details: